| 000 | 00729nam a2200193Ia 4500 | ||
|---|---|---|---|
| 003 | Ost | ||
| 005 | 20260507075633.0 | ||
| 008 | 260507s9999||||xx |||||||||||||| ||und|| | ||
| 040 | _cfsecg | ||
| 041 | _aara | ||
| 082 | _a658.15 | ||
| 100 |
_aحنفي، عبد الغفار _eمؤلف |
||
| 245 | 0 |
_aحلول وتطبيقات الادارة المالية المعاصرة : _bالقاعد والإرشادات / _c عبد الغفار حنفي |
|
| 260 |
_aالاسكندرية: _bالدار الجامعية, _c1990 |
||
| 300 |
_a277 صفحة؛ _bإيضاحات ؛ _c24 سم |
||
| 520 | _aمدخل قياس معدل العائد الداخلي ، تمارين | ||
| 653 | _aالادارة المالية | ||
| 942 | _cكتاب | ||
| 999 |
_c45243 _d45243 |
||